Statistics for Celebrity Name Mash-ups

Click here to take the quiz!

General Stats

  • This quiz has been taken 1,024 times
  • The average score is 13 of 52

Answer Stats

Mash-up NameOriginal Celebrities% Correct
Kreese WithsonReese Witherspoon
72%
AdennaAdele
63%
Eldon SheenEd Sheeran
62%
Tobrun HarksTom Hanks
62%
TendollayaZendaya
58%
Tayki MwiftajNicki Minaj
56%
Tayki MwiftajTaylor Swift
53%
Eldon SheenElton John
50%
Whackie GoldanWhoopi Goldberg
50%
Kayton MerryKaty Perry
48%
Madris RufbaIdris Elba
45%
Benevid TenabantBenedict Cumberbatch
42%
Lumi LiatoDemi Lovato
40%
Benevid TenabantDavid Tennant
39%
AdennaMadonna
37%
Whackie GoldanJackie Chan
35%
Mordi KleemanMorgan Freeman
35%
Kidy KardlingKim Kardashian
33%
Chayne ProhnttonDwayne Johnson
28%
Davie SchishDavid Schwimmer
25%
Sannifa LohSandra Oh
24%
Madris RufbaMark Ruffalo
23%
Timile CydsMiley Cyrus
23%
Sannifa LohJennifer Lopez
22%
Timna KenametTimothée Chalamet
21%
Etty DeWhitBetty White
20%
Lumi LiatoLucy Liu
20%
Geoel PhloopsMichael Phelps
20%
Neithan Vack NerrisNeil Patrick Harris
20%
Mirain BolgroveMiranda Cosgrove
19%
Kidy KardlingMindy Kaling
18%
Alfew PereiroMatthew Perry
16%
Larena WilxsSerena Williams
16%
TendollayaTom Holland
15%
Etty DeWhitEllen DeGeneres
14%
Geoel PhloopsGeorge Clooney
12%
Edan AlderAlan Alda
11%
Mordi KleemanHeidi Klum
8%
Kayton MerryPeyton Manning
8%
Tobrun HarksBruno Mars
7%
Chayne ProhnttonChris Pratt
6%
Timna KenametAnna Kendrick
5%
Mirain BolgroveUsain Bolt
5%
Davie SchishBillie Eilish
4%
Larena WilxsLaverne Cox
4%
Panny DeCartPaul McCartney
4%
Edan AlderEd Asner
3%
Neithan Vack NerrisJonathan Van Ness
3%
Timile CydsTiger Woods
3%
Alfew PereiroAlfonso Ribeiro
2%
Panny DeCartJohnny Depp
2%
Kreese WithsonKelly Clarkson
2%

Score Distribution

Percentile by Number Answered

Percent of People with Each Score

Your Score History

You have not taken this quiz